[Event "12th Chennai Open 2020"]
[Site "Chennai"]
[Date "2020.01.22"]
[Round "7.1"]
[White "Ponkratov, Pavel"]
[Black "Martinez Alcantara, Jose Eduardo"]
[Result "1/2-1/2"]
[WhiteElo "2622"]
[BlackElo "2606"]
[Annotator "TA"]
[PlyCount "100"]
[EventDate "2020.01.19"]
[EventType "swiss"]
[EventCountry "IND"]
[SourceTitle "playchess.com"]
[Source "ChessBase"]
[SourceQuality "1"]

{[%evp 11,100,20,31,0,8,-2,-6,-10,-7,-45,0,0,0,0,0,-35,-32,-31,-33,-25,-26,-43,0,-40,-45,-75,-75,-75,-75,-75,-74,-81,-85,-78,-78,-96,-78,-78,-78,-78,-78,-78,-78,-76,-70,-75,-72,-73,-72,-75,-67,-67,-65,-76,-43,-43,-43,-43,-43,-50,-48,-67,-69,-69,-65,-70,-70,-70,-67,-67,-67,-67,-41,-41,-41,-41,-41,-41,-41,-41,-41,-41,-41,-48,-41,-41,-41,-41,-41,-41,-41]} 1. e4 c5 2. Nf3 d6 3. d4 cxd4 4. Nxd4 Nf6 5. Nc3 a6 6. h3 e5 7. Nf3 {B90: Sicilian Najdorf: Unusual White 6th moves, 6 Be3 Ng4 and 6 Be3 e5} (7. Nde2 h5 8. Nd5 Nxd5 9. Qxd5 Nc6 10. Qd1 Be6 11. Nc3 Rc8 12. Be3 Ne7 13. Be2 d5 14. exd5 Nxd5 15. Nxd5 Qxd5 {½-½ (26) Wang,H (2730)-Giri,A (2783) St Petersburg 2018}) 7... Qc7 8. g4 h6 9. a4 $146 {The position is equal.} ({Predecessor:} 9. g5 hxg5 10. Bxg5 Nbd7 11. Qe2 b5 12. O-O-O Bb7 13. Nd5 Bxd5 14. exd5 Be7 {0-1 (58) Jusic,Z (2257)-Djurovic,G (2396) Zadar 2016}) 9... Be6 10. Be3 Nbd7 {[%cal Bb8d7,Bd7b6,Bb6c4][%mdl 32]} 11. g5 hxg5 12. Nxg5 Nb6 13. Qd3 Rc8 $1 14. Nxe6 fxe6 15. Rg1 Nc4 16. Bc1 $1 Nh5 17. Nd1 Be7 18. Ne3 Nxe3 19. Bxe3 Qxc2 20. Rc1 {[#]} Qxd3 $1 21. Rxc8+ Kf7 {Hoping for ...Qb1+.} 22. Bxd3 Rxc8 23. Kd2 Nf6 24. Rc1 Rxc1 25. Kxc1 $17 {[%mdl 4096] Endgame KBB-KBN} d5 26. exd5 exd5 27. Bf5 Ne4 28. f3 Nd6 29. Bd7 Nc4 30. Bf2 Bg5+ 31. Kc2 Be3 32. Bg3 Nb6 33. Bg4 {Black is slightly better.} Bd4 34. b3 Ke7 $1 35. Be1 Kd6 36. Ba5 Nd7 37. Bb4+ Kc6 38. Be7 a5 39. Bf5 b6 40. b4 axb4 41. Bxb4 Nf6 42. Bf8 Nh5 43. Bg6 Nf4 44. Be8+ Kc7 45. Bxg7 Nxh3 46. Bh6 Kd6 47. Kd3 Ke6 48. Bd2 Bc5 49. Bh5 {[#] Black must now prevent Bg4+.} Kf6 50. Ke2 Nf4+ {Accuracy: White = 72%, Black = 75%.} 1/2-1/2

[Event "12th Chennai Open 2020"]
[Site "Chennai"]
[Date "2020.01.22"]
[Round "7.2"]
[White "Visakh N R"]
[Black "Yudin, Sergei"]
[Result "1/2-1/2"]
[WhiteElo "2518"]
[BlackElo "2508"]
[Annotator "TA"]
[PlyCount "111"]
[EventDate "2020.01.19"]
[EventType "swiss"]
[EventCountry "IND"]
[SourceTitle "playchess.com"]
[Source "ChessBase"]
[SourceQuality "1"]

{[%evp 10,111,28,24,54,12,20,22,23,22,43,5,9,13,0,0,2,0,3,0,0,0,41,30,53,41,59,45,67,42,60,53,50,25,33,38,26,11,23,16,12,0,25,30,27,35,48,22,39,32,47,66,97,96,99,97,115,54,45,50,61,61,62,8,10,17,70,0,7,0,0,0,0,0,0,0,0,0,0,0,0,0,0,0,0,0,0,0,0,0,0,0,8,0,0,0,0,0,0,0,0,-8,-8,-8]} 1. Nf3 d5 2. g3 e6 3. Bg2 Nf6 4. O-O b5 5. d3 Bb7 6. Nbd2 Nbd7 {A05: Réti Opening: 1 Nf3 Nf6} 7. a4 (7. c4 bxc4 8. dxc4 Bd6 9. cxd5 exd5 10. Nd4 O-O 11. N2f3 Re8 12. Nf5 Bf8 13. b4 c6 14. Rb1 {½-½ (51) Svidler,P (2765)-Adly,A (2637) Riadh 2017}) 7... b4 8. a5 Rb8 9. Re1 Nc5 10. c3 bxc3 11. bxc3 Be7 12. Ba3 O-O 13. c4 Na6 $146 ({Predecessor:} 13... dxc4 14. Nxc4 {½-½ (53) Podzielny,K (2455)-Palkovi,J (2420) Germany 1995}) 14. cxd5 Bxa3 15. Rxa3 exd5 16. d4 c5 17. dxc5 $1 Nxc5 18. Qa1 Nce4 19. Rd1 Qe7 20. Nd4 g6 21. e3 Ng4 22. Nxe4 dxe4 23. Rb3 Ba8 24. Rxb8 Rxb8 25. Rb1 $40 {[%mdl 128] Black needs to defend precisely.} Qc7 26. Rc1 Qe7 27. Qc3 Ne5 28. h3 Nd3 29. Qc7 Qxc7 30. Rxc7 Rb1+ 31. Kh2 {Black must now prevent Rc8+.} Bd5 32. Rd7 Nb4 {[#]} 33. Rxd5 $1 {[%mdl 512]} Nxd5 $14 34. Bxe4 {[%mdl 64] Double Attack} Ra1 $1 {aiming for ...Nc3.} 35. Bxd5 {Hoping for Nc6.} Rxa5 {[%mdl 4096] Endgame} 36. e4 (36. Bc6 $14) 36... Ra1 37. Kg2 a5 $1 38. Nb5 ({White should play} 38. Kf3 $1 $14) 38... Rc1 {The position is equal.} 39. Nd6 a4 40. Nxf7 Kf8 41. Ne5 Rc3 42. Nc6 Rb3 43. Ne5 Rc3 44. Nc6 {Nb4 is the strong threat.} Rb3 45. Na5 Rd3 46. Nc4 (46. Kf1 {seems wilder.} a3 47. Ke2 Rc3 48. Kd2 Rf3 49. Ke2) 46... a3 47. Nxa3 Rxa3 $11 {KR-KB} 48. h4 Ke7 49. g4 $1 Kf6 50. f4 Rc3 51. e5+ Kg7 52. Bf3 h6 53. Kf2 g5 54. hxg5 hxg5 55. fxg5 Rc5 56. Kg3 {Accuracy: White = 56%, Black = 74%.} 1/2-1/2

[Event "12th Chennai Open 2020"]
[Site "Chennai"]
[Date "2020.01.22"]
[Round "7.3"]
[White "Aleksandrov, Aleksej"]
[Black "Taher, Yoseph Theolifus"]
[Result "1/2-1/2"]
[WhiteElo "2592"]
[BlackElo "2462"]
[Annotator "TA"]
[PlyCount "70"]
[EventDate "2020.01.19"]
[EventType "swiss"]
[EventCountry "IND"]
[SourceTitle "playchess.com"]
[Source "ChessBase"]
[SourceQuality "1"]

{[%evp 9,70,10,23,16,11,-16,-6,-17,-5,0,14,14,14,14,24,16,21,20,22,15,30,49,54,29,17,-2,-1,-8,-8,-7,-3,-8,-8,-8,-8,-8,-8,-12,0,0,0,-8,0,0,0,0,0,-8,-8,-8,0,0,0,0,0,0,0,0,0,0,0,0,0]} 1. d4 d5 2. c4 dxc4 3. e4 b5 4. a4 c6 5. b3 {[#]} (5. Nc3 a6 6. Nf3 e6 7. Be2 Nf6 8. axb5 cxb5 9. Nxb5 axb5 10. Rxa8 Bb7 11. Ra1 Bb4+ 12. Bd2 Bxd2+ 13. Qxd2 Nxe4 {0-1 (36) Korobov,A (2652)-Andreikin,D (2712) Huaian 2017}) 5... e5 $1 {[%mdl 512] Threatens to win with ...Bb4+.} 6. axb5 {D20: Queen's Gambit Accepted: 3 e3 and 3 e4} (6. dxe5 Qxd1+) 6... cxb5 {Strongly threatening ...Bb4+.} 7. Nf3 exd4 8. Qxd4 Nc6 9. Qxd8+ Nxd8 10. Nc3 $146 ({Predecessor:} 10. bxc4 b4 11. Bd3 Ne6 12. Bc2 a5 {½-½ (64) Beekes,N (1398)-Vio,M (1419) IECG email 2007}) 10... Bb4 11. Bd2 Bxc3 12. Bxc3 Nf6 13. bxc4 Nxe4 14. Bxg7 Rg8 15. Bd4 bxc4 16. Ne5 Nd6 17. Be2 {The position is equal.} Ne6 18. Bc3 Bb7 19. Bb4 O-O-O {[#] And now ...Nd4 would win.} 20. O-O-O $132 {[%mdl 2048] White is not holding back} Nf4 21. Rhe1 Nxg2 22. Bxd6 Nxe1 23. Bxc4 Rxd6 24. Rxd6 Nf3 25. Nxf7 Rg1+ 26. Kb2 Rg2 27. Kc3 Rxf2 28. h3 Kc7 {...Ne5! is the strong threat.} 29. Re6 Ng1 30. Re7+ Kb6 31. Re6+ Kc7 32. Re7+ Kb6 33. Nd6 Rf3+ 34. Kd4 Ba6 35. Bxa6 Kxa6 {Accuracy: White = 60%, Black = 66%.} 1/2-1/2

[Event "12th Chennai Open 2020"]
[Site "Chennai"]
[Date "2020.01.22"]
[Round "7.4"]
[White "Goganov, Aleksey"]
[Black "Deshmukh, Anup"]
[Result "1-0"]
[WhiteElo "2583"]
[BlackElo "2163"]
[Annotator "RC"]
[PlyCount "72"]
[EventDate "2020.01.19"]
[EventType "swiss"]
[EventCountry "IND"]
[SourceTitle "playchess.com"]
[Source "ChessBase"]
[SourceQuality "1"]
[TimeControl "5400+30"]

1. d4 {[%emt 0:00:00]} d5 {[%emt 0:01:02]} 2. c4 {[%emt 0:00:00]} c6 {[%emt 0:00:05]} 3. Nf3 {[%emt 0:00:00]} Nf6 {[%emt 1:30:23]} 4. Nc3 {[%emt 0:01:34]} e6 {[%emt 0:00:00]} 5. Bg5 {[%emt 0:00:21]} h6 {[%emt 0:00:00]} 6. Bxf6 {[%emt 0:01:56]} Qxf6 {[%emt 0:00:00]} 7. e3 {[%emt 0:01:56]} Nd7 {[%emt 0:00:00]} 8. Be2 {[%emt 0:00:33]} Bb4 {[%emt 0:00:00]} 9. Qb3 {[%emt 0:15:01]} Bxc3+ {[%emt 0:00:00]} 10. Qxc3 {[%emt 0:00:03]} O-O {[%emt 0:00:00]} 11. O-O {[%emt 0:01:01]} dxc4 {[%emt 0:00:00]} 12. Bxc4 {[%emt 0:00:09]} b6 {[%emt 0:00:00]} 13. Bd3 {[%emt 0:12:28]} Bb7 {[%emt 0:00:00]} 14. Be4 {[%emt 0:03:24]} Qe7 {[%emt 0:00:00]} 15. Nd2 {[%emt 0:03:58]} Rac8 {[%emt 0:00:00]} 16. Rac1 {[%emt 0:01:13]} Rfd8 {[%emt 0:00:00]} 17. Bf3 {[%emt 0:01:51]} Nf6 {[%emt 0:00:00]} 18. Rfd1 {[%emt 0:04:21]} c5 {[%emt 0:00:00]} 19. Qa3 {[%emt 0:00:04]} Bxf3 {[%emt 0:00:00]} 20. Nxf3 {[%emt 0:00:04]} Ne4 {[%emt 0:00:00]} 21. Qa6 {[%emt 0:03:30]} Rc7 {[%emt 0:00:00]} 22. Qd3 {[%emt 0:03:43]} f5 {[%emt 0:00:00]} 23. Qe2 {[%emt 0:00:09]} cxd4 {[%emt 0:00:00]} 24. Nxd4 {[%emt 0:00:45]} Rdc8 {[%emt 0:00:00]} 25. Rxc7 {[%emt 0:00:58]} Rxc7 {[%emt 0:00:00]} 26. Qb5 {[%emt 0:04:26]} Rc5 {[%emt 0:00:00]} 27. Qb3 {[%emt 0:01:07]} Kf7 {[%emt 0:00:00]} 28. a3 {[%emt 0:08:58]} Qe8 {[%emt 0:00:00]} 29. h3 Qf8 {[%emt 0:00:00]} 30. f3 Ng5 {[%emt 0:00:00]} 31. Nb5 {[%emt 0:01:30]} Kg8 {[%emt 0:00:00]} 32. Nd6 {[%emt 0:00:30]} Qb8 {[%emt 0:00:00]} 33. e4 {[%emt 0:00:30]} Kh7 {[%emt 0:00:06]} 34. Qd3 {[%emt 0:00:30]} fxe4 {[%emt 0:00:30]} 35. Nxe4 {[%emt 0:00:30]} Nxe4 {[%emt 0:00:30]} 36. Qxe4+ {[%emt 0:00:30]} Kh8 {[%emt 0:00:30]} 1-0

[Event "12th Chennai Open 2020"]
[Site "Chennai"]
[Date "2020.01.22"]
[Round "7.5"]
[White "Samant Aditya S"]
[Black "Bogdanovich, Stanislav"]
[Result "0-1"]
[WhiteElo "2296"]
[BlackElo "2562"]
[Annotator "TA"]
[PlyCount "88"]
[EventDate "2020.01.19"]
[EventType "swiss"]
[EventCountry "IND"]
[SourceTitle "playchess.com"]
[Source "ChessBase"]
[SourceQuality "1"]

{[%evp 12,88,39,35,20,27,29,33,51,36,33,-6,0,-6,-8,-2,-4,-8,-16,-11,0,-31,0,-10,0,0,0,6,1,4,7,-15,-22,-19,-16,-8,-10,-10,-11,-10,-20,-79,-86,-82,-82,-71,-93,-95,-71,-61,-66,-96,-94,-94,-85,-177,-178,-209,-209,-177,-162,-183,-170,-166,-145,-345,-347,-686,-662,-855,-618,-842,-841,-895,-516,-516,-480,-1270,-1233]} 1. e4 Nc6 2. Nf3 d6 3. d4 Nf6 4. Nc3 g6 5. h3 Bg7 6. Be3 O-O 7. d5 Nb8 {B08: Pirc Defence: Classical System} 8. Bc4 c6 (8... a6 9. a4 e6 10. dxe6 Bxe6 11. Bxe6 fxe6 12. e5 dxe5 13. Qxd8 Rxd8 {1-0 (53) Svidler,P (2737)-Zubov,A (2597) St Petersburg 2018}) 9. a4 e6 {White is slightly better.} 10. dxe6 $146 ({Predecessor:} 10. O-O exd5 11. exd5 c5 12. Re1 Re8 13. Qd2 Bf5 14. Nh4 Ne4 15. Nxe4 Bxe4 {1-0 (30) Luukkonen,T (2100)-Nyysti,S Laukaa 1996}) 10... Bxe6 11. Be2 d5 12. exd5 Nxd5 13. Nxd5 Bxd5 14. c3 Nd7 15. O-O Re8 16. Qd2 Nb6 17. Rfd1 Qe7 18. Re1 Rad8 19. Qc1 Nc8 20. Bg5 Bf6 21. Bxf6 Qxf6 22. Nh2 h5 23. Bf3 Be6 24. a5 a6 25. Ra4 Nd6 26. Qf4 (26. Rb4 $11) 26... Qxf4 $17 27. Rxf4 Bb3 $36 {[%mdl 2048] Black is really pushing.} 28. Rxe8+ Rxe8 29. g4 Re5 30. gxh5 gxh5 31. Nf1 Rxa5 32. Ng3 Kf8 33. Nxh5 {[#]} (33. Rd4 $17 {was worth a try.} Ke7 34. Bxh5) 33... Ra2 $1 $19 34. h4 Rxb2 {...a5 is the strong threat.} 35. Nf6 Be6 36. Nh7+ Kg7 37. Ng5 Bb3 {Strongly threatening ...a5.} 38. h5 $2 (38. Rg4 $17 Kh6 39. Rd4) 38... a5 {[%cal Ba6a5,Ba5a4,Ba4a3,Ba3a2][%mdl 32]} 39. Nh3 $2 (39. Rd4 Nb5 40. Rg4) 39... a4 {[#] And now ...a3 would win.Black is clearly winning.} 40. Rd4 Nf5 41. Rg4+ Kh6 42. Rf4 a3 43. Rxf5 a2 44. Rf6+ (44. Ra5 $142) 44... Kg7 {Accuracy: White = 41%, Black = 68%.} 0-1

[Event "12th Chennai Open 2020"]
[Site "Chennai"]
[Date "2020.01.22"]
[Round "7.6"]
[White "Harshavardhan G B"]
[Black "Vasquez Schroeder, Rodrigo"]
[Result "1/2-1/2"]
[WhiteElo "2343"]
[BlackElo "2487"]
[Annotator "TA"]
[PlyCount "77"]
[EventDate "2020.01.19"]
[EventType "swiss"]
[EventCountry "IND"]
[SourceTitle "playchess.com"]
[Source "ChessBase"]
[SourceQuality "1"]

{[%evp 30,77,5,0,0,0,0,-19,27,25,40,26,37,-1,0,-97,-97,-77,-39,-43,-25,-83,-108,-213,-196,-214,-181,-230,-229,-225,-222,-807,-431,-435,-410,-410,-399,-385,-245,-237,-240,-254,0,0,0,-259,0,0,0,-244]} 1. d4 d5 2. c4 c6 3. Nf3 Nf6 4. Nc3 e6 5. Bg5 dxc4 6. e4 b5 7. e5 h6 8. Bh4 g5 9. Nxg5 hxg5 10. Bxg5 Nbd7 11. g3 Rg8 12. h4 Rxg5 13. hxg5 Nd5 14. g6 fxg6 15. Qg4 Qe7 16. Qxg6+ Qf7 {D44: Semi-Slav: Botvinnik System} 17. Qxf7+ Kxf7 18. Bg2 Nxc3 19. bxc3 Rb8 20. Bxc6 Bb7 21. Rh7+ Kg6 {[#]} 22. Bxd7 $146 (22. Bxb7 $11 {remains equal.} Kxh7 23. Bc6) ({Predecessor:} 22. Rxd7 Bxc6 23. Rxa7 Bf3 24. Kd2 {1-0 (43) Shirov,A (2610)-Stisis,Y (2280) London 1991}) 22... Kxh7 $17 23. Bxe6 Ba3 {aiming for ...Bb2.} 24. Kd2 $1 Kg6 25. f4 (25. Rf1 $11 {keeps the balance.}) 25... Rh8 $1 {[%cal Rh8h2]} 26. Rb1 (26. Re1 $17 {was necessary.}) 26... Rh2+ $19 27. Ke3 Bb2 $1 28. d5 b4 $1 {[%cal Bb5b4,Bb4c3,Bc3c2][%mdl 32]} 29. d6 bxc3 30. g4 $2 (30. Bxc4 c2 31. Bd3+ Kf7 32. Bxc2 Rxc2 33. f5) 30... c2 {( -> ...Rh3+)} 31. Bf5+ Kf7 32. e6+ Kf6 33. Bxc2 Rxc2 34. d7 {[#]} Ke7 $1 35. f5 {[#] Strongly threatening Rxb2!} Rc3+ $2 (35... Kd8 $1 $19 {Hoping for ...Rh2.} 36. g5 Bd5) 36. Ke2 $2 {[%mdl 8192]} (36. Kf2 $11 {and White is okay.} Rc2+ 37. Ke3) 36... Rc2+ 37. Ke3 {Threatens to win with Rxb2!} Rc3+ 38. Ke2 {f6+! is the strong threat.} Rc2+ 39. Ke3 {Accuracy: White = 52%, Black = 50%.} 1/2-1/2

[Event "12th Chennai Open 2020"]
[Site "Chennai"]
[Date "2020.01.22"]
[Round "7.7"]
[White "Kunal, M.."]
[Black "Vishnu Prasanna. V"]
[Result "0-1"]
[WhiteElo "2288"]
[BlackElo "2474"]
[Annotator "TA"]
[PlyCount "50"]
[EventDate "2020.01.19"]
[EventType "swiss"]
[EventCountry "IND"]
[SourceTitle "playchess.com"]
[Source "ChessBase"]
[SourceQuality "1"]

{[%evp 13,98,20,26,-6,4,-53,-23,-73,-73,-68,-68,-118,-56,-51,-50,-43,-49,-102,-61,-57,-61,-61,-63,-97,-56,-79,-76,-80,-88,-91,-55,-100,-100,-106,-86,-141,-138,-163,-131,-150,-148,-177,-178,-210,-203,-238,-241,-229,-234,-269,-274,-265,-221,-224,-210,-215,-221,-217,-213,-210,-208,-392,-342,-1031,-1010,-914,-403,-422,-418,-449,-444,-440,-387,-444,-412,-561,-543,-669,-713,-1387,-1352,-1351,-1296,-1467,-1314,-1110,-1089]} 1. Nf3 Nf6 2. g3 g6 3. Bg2 Bg7 4. O-O O-O 5. d4 d6 6. Nc3 Nc6 7. d5 Na5 8. Nd4 {A49: 1 d4 Nf6 2 Nf3 g6 3 g3: Anti-King's Indian systems} (8. h3 c6 9. e4 Bd7 10. Qe2 cxd5 11. exd5 Rc8 12. Rd1 Re8 13. Nd4 Qb6 14. a4 a6 15. Ra2 h5 {1-0 (48) Bauer,C (2562)-Ivanchuk,V (2719) Neum 2000}) 8... Bd7 9. b4 $146 (9. a4 $11) ({Predecessor:} 9. h3 Qc8 10. Kh2 c5 11. Nb3 Nc4 12. a4 b6 13. e4 a6 14. f4 Ne8 15. Qe2 b5 16. axb5 Bxb5 17. Nxb5 axb5 18. Rxa8 Qxa8 {1-0 (32) Sandipan,C (2574)-Michna,C (2272) Germany 2016}) 9... Nc4 10. Qd3 {Black has an edge.} Ne5 11. Qd1 c6 12. Rb1 Rc8 ({Black should try} 12... cxd5 $17 13. Nxd5 Nxd5 14. Bxd5 Qc7) 13. dxc6 $15 Nxc6 14. Nxc6 Bxc6 15. Nd5 (15. e4 $1 $15) 15... Ba4 16. Ne3 {[#]} d5 $1 {[%mdl 512] Threatens to win with ...d4.} 17. Bb2 (17. Nxd5 Bxc2) 17... e6 18. Bd4 b6 19. Qd3 Qc7 20. Qa3 Bb5 $36 {[%mdl 2048] Black is on the roll.} 21. Qb2 Nh5 22. Bf3 Bxd4 23. Qxd4 Qc3 24. Qh4 (24. Rfd1 $142) 24... Qf6 $17 25. Qh3 Ng7 {Played: Qf6-g5} 0-1

[Event "12th Chennai Open 2020"]
[Site "Chennai"]
[Date "2020.01.22"]
[Round "7.8"]
[White "Pranav Vijay"]
[Black "Mchedlishvili, Mikheil"]
[Result "0-1"]
[WhiteElo "2265"]
[BlackElo "2578"]
[Annotator "TA"]
[PlyCount "68"]
[EventDate "2020.01.19"]
[EventType "swiss"]
[EventCountry "IND"]
[SourceTitle "playchess.com"]
[Source "ChessBase"]
[SourceQuality "1"]

{[%evp 20,67,13,0,0,3,12,-6,0,-4,16,8,16,15,11,4,0,-3,16,5,3,-691,-690,-691,-677,-686,-677,-680,-659,-677,-670,-735,-739,-716,-693,-775,-749,-889,-877,-1109,-812,-29991,-29991,-29991,-1326,-1395,-1395,-29992,-29993,-29999]} 1. e4 c5 2. Nf3 e6 3. d4 cxd4 4. Nxd4 Nc6 5. Nc3 Qc7 6. Be2 Nf6 7. O-O Be7 8. Be3 O-O 9. f4 d6 10. Kh1 Nxd4 11. Qxd4 b6 {B83: Sicilian Scheveningen: 6 Be2, lines without ...a6} 12. Bf3 {Threatening e5.} Bb7 13. Nb5 Qb8 {The position is equal.} 14. c4 Rd8 15. Rad1 (15. Qd3 a6 16. Nc3 Qc7 17. Rac1 Rac8 18. b3 Nd7 19. Rfd1 {½-½ (26) Wang,H (2709)-Safarli,E (2639) Riadh 2017}) 15... Bc6 16. Nc3 Nd7 17. Qd2 a6 18. Qc2 $146 ({Predecessor:} 18. Bd4 b5 19. cxb5 axb5 {0-1 (77) Wan,Y (2482)-Bok,B (2572) Groningen 2014}) 18... Rc8 19. e5 {White wants to play exd6.} Bxf3 20. exd6 $2 {[%mdl 8192]} (20. Rxf3 $11 Rxc4 21. exd6) 20... Bxd1 $19 21. Rxd1 Bxd6 22. f5 Nf6 23. fxe6 fxe6 24. Bg5 Be5 {aiming for ...Bxc3.} 25. Ne4 Qc7 26. Bxf6 Bxf6 27. b3 Rf8 28. h3 Rad8 29. Re1 Qf4 30. Nf2 {[#]} Rd2 $1 31. Nd3 Rxc2 (31... Qg5 $142 32. Re2 Rxc2 33. Rxc2 Qe3 34. Rc1 Qxd3 35. Re1 Qg3 36. Re3 Qxe3 37. b4 Qe1+ {[%mdl 64] Double Attack} 38. Kh2 Be5+ 39. g3 Rf2#) 32. Nxf4 {[#]} Bh4 $1 33. Re4 Bg3 34. Nxe6 Rf1# {Accuracy: White = 32%, Black = 62%.} 0-1

[Event "12th Chennai Open 2020"]
[Site "Chennai"]
[Date "2020.01.22"]
[Round "7.9"]
[White "Rozum, Ivan"]
[Black "Manik, Mikulas"]
[Result "1-0"]
[WhiteElo "2573"]
[BlackElo "2378"]
[Annotator "TA"]
[PlyCount "98"]
[EventDate "2020.01.19"]
[EventType "swiss"]
[EventCountry "IND"]
[SourceTitle "playchess.com"]
[Source "ChessBase"]
[SourceQuality "1"]

{[%evp 13,98,28,69,34,28,22,26,25,37,35,43,11,22,0,30,13,60,56,79,83,78,71,81,49,56,63,101,107,127,129,122,122,120,120,120,119,116,90,91,97,92,90,90,93,97,89,83,81,97,98,111,110,103,79,100,82,137,112,111,101,152,137,137,136,153,128,141,128,175,159,273,219,366,0,0,0,0,8,8,8,1285,1285,1285,1277,1149,1040,1071]} 1. Nf3 Nf6 2. c4 d6 3. d4 g6 4. g3 Bg7 5. Bg2 O-O 6. Nc3 Nc6 7. O-O e5 8. dxe5 {E62: King's Indian: Fianchetto: 6...c6 and Panno Variation (6...Nc6) without ...a6} (8. d5 $5 {[%cal Rd5c6]} Ne7 9. e4 $14) (8. d5 Nb8 9. e4 a5 10. Ne1 Na6 11. Bg5 h6 12. Be3 Ng4 13. Bd2 f5 14. Nd3 b6 15. f3 Nf6 16. Be3 Nc5 17. Nxc5 bxc5 {0-1 (26) Ivanchuk,V (2714)-Amin,B (2709) Zagreb 2018}) 8... Nxe5 9. b3 Nxf3+ 10. Bxf3 {White has an edge.} Re8 11. Qd2 c6 12. Bb2 Bh3 $146 ({Predecessor:} 12... Qc7 13. Bg2 Bf5 14. Rad1 Rad8 15. Rfe1 Re7 16. e4 Bg4 {0-1 (16) Palang,A-Wood,A (1577) ICCF email 2012}) 13. Rfd1 Qa5 14. Na4 Qf5 15. Qxd6 Ne4 16. Qd3 Bxb2 17. Nxb2 Qf6 18. Qd4 Qxd4 19. Rxd4 Nc3 20. Rd2 Rad8 21. Rc2 $1 {[%cal Rc2c3]} Ne4 22. Bxe4 Rxe4 23. Rd1 Rxd1+ 24. Nxd1 $16 {[%mdl 4096] Endgame KRB-KRN} Rd4 {[%cal Rd4d1]} 25. Ne3 (25. Nc3 {seems wilder.} Bf5 26. Rb2 g5 27. f3 Bg6 28. Kf2) 25... g5 26. f3 f5 27. Kf2 f4 28. Ng2 Bxg2 29. Kxg2 {KR-KR} Kf7 30. Kf2 Kf6 31. e3 Rd1 32. exf4 gxf4 33. Re2 c5 34. g4 b6 (34... a5 $142) 35. Kg2 $1 a5 36. h4 $1 h6 ({Better is} 36... Rd6) 37. Re4 $1 Rd2+ 38. Kh3 Rxa2 39. Rxf4+ Kg7 40. Re4 Ra3 41. g5 hxg5 (41... h5 $16) 42. hxg5 $18 a4 ({Much weaker is} 42... Rxb3 $6 43. Kg4 $14) (42... Kf8 $142 43. Kg4 Rxb3) 43. bxa4 $2 ({White must play} 43. Re7+ $1 $18 Kf8 44. Rb7) 43... Rxf3+ $11 44. Kg4 Ra3 45. Re7+ Kg6 46. Re6+ Kf7 $2 {[%mdl 8192]} (46... Kg7 $11) 47. Rxb6 $18 {White is clearly winning.} Rxa4 {[#]} 48. Rf6+ $1 Kg7 {[#]} 49. Rf4 $1 Ra1 {Accuracy: White = 79%, Black = 52%.} 1-0

[Event "12th Chennai Open 2020"]
[Site "Chennai"]
[Date "2020.01.22"]
[Round "7.10"]
[White "David, Alberto"]
[Black "Eraschenkov, Denis"]
[Result "0-1"]
[WhiteElo "2562"]
[BlackElo "2370"]
[Annotator "TA"]
[PlyCount "78"]
[EventDate "2020.01.19"]
[EventType "swiss"]
[EventCountry "IND"]
[SourceTitle "playchess.com"]
[Source "ChessBase"]
[SourceQuality "1"]

{[%evp 20,78,52,5,20,26,36,7,22,0,0,-15,58,18,18,-18,-7,-32,-22,-48,0,0,0,-54,-41,-40,-55,-50,-63,-43,-34,-44,-47,-37,-46,-29,-22,-30,-39,-55,-63,-72,-83,-72,-71,-66,-53,-79,-82,-159,-173,-156,-167,-175,-168,-159,-152,-617,-596,-589,-589]} 1. d4 d5 2. c4 dxc4 3. Nf3 Nf6 4. e3 e6 5. Bxc4 c5 6. O-O Nc6 7. Nc3 cxd4 8. exd4 Be7 9. a3 O-O 10. Re1 a6 11. Bb3 Qd6 {D27: Queen's Gambit Accepted: Classical main line: 7 e4!? and 7 a4} (11... b5 12. d5 exd5 13. Nxd5 Nxd5 14. Bxd5 Bb7 15. Bf4 Bf6 16. Rc1 Rc8 17. b4 Ba8 18. Qb3 Nd4 19. Rxc8 Nxf3+ 20. Qxf3 Qxc8 21. g3 Bxd5 22. Qxd5 {½-½ (35) Wang,H (2737)-Karjakin,S (2775) Beijing 2012}) 12. g3 Na5 $146 ({Predecessor:} 12... Nd5 13. Nxd5 exd5 14. Ne5 Be6 15. Bf4 Nxe5 16. dxe5 Qb6 17. Bc2 Rac8 18. Qd2 {½-½ (18) Hansen,C (2595)-Degerman,L (2490) Malmo 1998}) 13. Bc2 b5 $1 {The position is equal.} 14. Bf4 Qb6 15. d5 Rd8 (15... Nc4 $11) 16. Qd3 Bb7 17. Be5 (17. Be3 $5 {[%cal Re3b6]} Qd6 18. Bf4 $11) 17... g6 {[%cal Rf6d5]} 18. Bd4 Qd6 19. Be5 Qb6 {[%cal Rf6d5]} 20. Bd4 Qd6 21. Qd2 (21. Be5 $11 Qd7 22. d6) 21... Bxd5 $15 22. Nxd5 Qxd5 23. Qf4 Nh5 24. Qe3 Nc4 25. Qe2 $1 Rac8 26. Be4 Qd7 27. Red1 Qc7 28. Rac1 {And now b3 would win.} Qb8 29. b3 Nd6 30. Bb1 Bf6 31. Be5 {[#] Black must now prevent Rxc8.} Rxc1 32. Rxc1 Qb6 33. g4 Bxe5 34. Nxe5 (34. Qxe5 $142 Ng7 35. h3) 34... Nf4 $17 35. Qf3 Qd4 $40 {[%mdl 128] Black attacks with force.} 36. Nc6 Qd2 37. Rf1 Re8 38. Qd1 $2 (38. Qe3 $17 Ne2+ 39. Kg2 Qd5+ 40. Qf3) 38... Qc3 $19 {( -> ...Qh3)} 39. Nd4 {[#]} Qxd4 $1 {[%mdl 576] Remove Defender. Accuracy: White = 38%, Black = 66%.} 0-1